Largest Cities in the World in 1500 BC - Statistics

General Stats
  • This quiz has been taken 51 times
  • The average score is 5 of 20
Answer Stats
Modern-Day Country Population City % Correct
Egypt 52k Thebes
82%
Iraq 64k Babylon
79%
Egypt 31k Memphis
79%
Iraq 25k Uruk
39%
Iraq 28k Akkad
29%
Greece 41k Knossos
29%
Egypt 99k Avaris
21%
Turkey 33k Hattusa
18%
Iraq 28k Lagash
16%
Iraq 38k Larsa
16%
Syria 58k Mari
16%
Pakistan 19k Mohenjodaro
16%
Iraq 38k Girsu
13%
Egypt 27k Heliopolis
13%
Iraq 25k Nippur
13%
Iraq 39k Umma
11%
Iraq 28k Isin
8%
China 23k Bo
5%
China 39k Erlitou
5%
Israel 23k Hazor
5%
No matching quizzes found
Score Distribution
Percent of People with Each Score
Percentile by Number Answered
Your Score History
You have not taken this quiz